| 000 | 00648cam a22002412a 4500 | ||
|---|---|---|---|
| 001 | 023197 | ||
| 003 | AR-FADEU | ||
| 005 | 20191105083548.0 | ||
| 008 | 311216n1961####xxu####################dd | ||
| 040 | _cBiblioteca Ernesto Sábato | ||
| 092 |
_a301.072 _bM657 _eBLYNK |
||
| 100 | _aMills, Charles Wright | ||
| 245 | _aLa imaginación sociologíca | ||
| 250 | _a3a. ed. | ||
| 260 | _aMéxico | ||
| 260 | _bFondo de Cultura Económica | ||
| 260 | _c1969 | ||
| 300 | _a236 p | ||
| 440 | _aSección de Obras de Sociología | ||
| 500 | _aIncluye: App. P. 206-236 | ||
| 650 | _aSOCIOLOGIA-INVESTIGACION/BLYNK/ | ||
| 942 |
_cBLYNK _2ddc |
||
| 999 |
_c34237 _d34237 |
||